Outrageous Japanese : (Record no. 12732)
[ view plain ]
| 000 -LEADER | |
|---|---|
| fixed length control field | 00408nam a2200157Ia 4500 |
| 020 ## - INTERNATIONAL STANDARD BOOK NUMBER | |
| ISBN | 0804816948 |
| 040 ## - CATALOGING SOURCE | |
| Transcribing agency | BRL |
| 082 ## - DEWEY DECIMAL CLASSIFICATION NUMBER | |
| Classification number | 495 YEN 1992 A022 Or. |
| 100 1# - MAIN ENTRY--AUTHOR NAME | |
| Personal name | Seward, Jack |
| 245 10 - TITLE STATEMENT | |
| Title | Outrageous Japanese : |
| Remainder of title | slang, curses & epithets / |
| 260 ## - PUBLICATION, DISTRIBUTION, ETC. (IMPRINT) | |
| Place of publication | Tokyo, Japan : |
| Name of publisher | Yenbooks, |
| Year of publication | 1992, cl991 |
| 300 ## - PHYSICAL DESCRIPTION | |
| Number of Pages | 104 p. ; 24 cm |
| 650 #0 - SUBJECT ADDED ENTRY--TOPICAL TERM | |
| Topical Term | Japanese language |
| 650 #0 - SUBJECT ADDED ENTRY--TOPICAL TERM | |
| Topical Term | Japanese language |
| 942 ## - ADDED ENTRY ELEMENTS (KOHA) | |
| Koha item type | សៀវភៅភាសាអង់គ្លេស |
| 952 ## - LOCATION AND ITEM INFORMATION (KOHA) | |
| Withdrawn status [LOCAL, KOHA] | 0 |
| Permanent Location | Date acquired | Koha item type | Lost status | Shelving location | Barcode | Current Location | Full call number |
|---|---|---|---|---|---|---|---|
| Library Block A | 2017-08-16 | សៀវភៅភាសាអង់គ្លេស | A022 | A16913 | Library Block A | 495 YEN 1992 A022 Or. |